Fundamental analysis for investors : (Record no. 76448)

MARC details
000 -LEADER
fixed length control field 00670nam a22002057a 4500
005 - DATE AND TIME OF LATEST TRANSACTION
control field 20230213102447.0
010 ## - LCCN (DPL NO)
LC control number ENG-107539 ENG-135905
020 ## - INTERNATIONAL STANDARD BOOK NUMBER
International Standard Book Number 9788170947950
Terms of availability 295.00
035 ## - SYSTEM CONTROL NUMBER
System control number EN-91072
035 ## - SYSTEM CONTROL NUMBER
System control number EN-119437
037 ## - SOURCE OF ACQUISITION
Source of stock number/acquisition DBAD/PUB
082 ## - DEWEY DECIMAL CLASSIFICATION NUMBER
Classification number 332.6322
100 ## - MAIN ENTRY--PERSONAL NAME
Personal name Palat, Raghu
245 ## - TITLE STATEMENT
Title Fundamental analysis for investors :
Remainder of title how to make consistent, long-term profits in the stock market/
Statement of responsibility, etc by Raghu Palat
260 ## - PUBLICATION, DISTRIBUTION, ETC. (IMPRINT)
Place of publication, distribution, etc New Delhi
Name of publisher, distributor, etc Vision Books
Date of publication, distribution, etc 2013
270 ## - ADDRESS
Address 24, Feroze Gandhi Road, Lajpat Nagar-III
City New Delhi
Postal code 110024
300 ## - PHYSICAL DESCRIPTION
Extent 192p.
Dimensions 23cm(pbk)
500 ## - GENERAL NOTE
General note Includes index
942 ## - ADDED ENTRY ELEMENTS (KOHA)
Source of classification or shelving scheme Dewey Decimal Classification
Item type English Books
Call number suffix PAL
Classification part 332.6322
Holdings
Withdrawn status Lost status Not for loan Collection code Home library Current library Date acquired Source of acquisition Cost, normal purchase price Full call number Barcode Copy number Cost, replacement price Koha item type
    Not For Loan Non-fiction D.B.Act.Division D.B.Act.Division 04/06/2013 DBAD/PUB 295.00 332.6322 PAL EN-91072 1 295.00 English Books
        Diz Area Diz Area 19/12/2022 DBAD/PUB 349.00 332.6322 PAL EN-119437 1 349.00 English Books

© Delhi Public Library
Hit Counter
free hit counter